| 000 | 00758am a2200313a 44500 | ||
|---|---|---|---|
| 003 | AR-BaBNM | ||
| 005 | 20251128205438.0 | ||
| 008 | 217119s1996 #AR|||||||||||000 | spa|| | ||
| 020 | _a950-742-136-X | ||
| 040 | _cAR-BaBNM | ||
| 100 | 1 | _aAguinis, Marcos A. | |
| 245 | 1 | 0 | _aLa gesta del marrano |
| 250 | _a11ยช ed. | ||
| 260 |
_aBuenos Aires _bPlaneta _c1996 |
||
| 300 | _a470 p. | ||
| 650 | 4 | _aLITERATURA ARGENTINA | |
| 650 | 4 | _aLITERATURA CONTEMPORANEA | |
| 650 | 4 | _aJUDIOS | |
| 650 | 4 | _aANTISEMITISMO | |
| 650 | 4 | _aCRISTIANISMO | |
| 650 | 4 | _aETICA | |
| 650 | 4 | _aVALORES MORALES | |
| 650 | 4 | _aTEXTOS SAGRADOS | |
| 653 | _aNOVELA HISTORICA | ||
| 653 | _aAMERICA COLONIAL | ||
| 655 | _aLITERATURA | ||
| 942 | _cBK | ||
| 998 | _cMARTIN | ||
| 999 |
_c11426 _d11426 |
||